Movies Quiz

Random Movies Quiz
Score 0/20 Timer 10:00
0 Plays Today
% Correct
Alfred Hitchcock
97.2%
Quentin Tarantino
96.1%
Stanley Kubrick
95.1%
Martin Scorsese
94%
David Fincher
89.8%
Michael Bay
83.7%
Joss Whedon
81.3%
Tim Burton
81.3%
Frank Darabont
80.2%
Wes Anderson
79.9%
% Correct
Judd Apatow
78.1%
James Cameron
77%
John Woo
76.7%
Christopher Nolan
76.3%
Bryan Singer
74.9%
James Gunn
74.2%
Ridley Scott
70.3%
Peter Jackson
70.3%
Brian De Palma
70.3%
Guy Ritchie
67.5%
Remove Ads.
Support Sporcle.
Get the best of Sporcle when you Go Orange. This ad-free experience offers more features, more stats, and more fun while also helping to support Sporcle. Thank you for becoming a member.

You're not logged in!

Compare scores with friends on all Sporcle quizzes.
OR
Log In

Show Comments

Extras

Top Quizzes Today


Score Distribution

Your Account Isn't Verified!

In order to create a playlist on Sporcle, you need to verify the email address you used during registration. Go to your Sporcle Settings to finish the process.

Report this User

Report this user for behavior that violates our Community Guidelines.

Details: